Music Quiz

Random Music or Bands Quiz

Siblings in the Rock and Roll Hall of Fame Quiz Stats

 Plays Quiz Updated Dec 14, 2018

     
Support Sporcle.
Go Orange.
Score 0/23 Timer 10:00
1 Play Today
Year(s) inducted Siblings % Correct
1997, 2001, 2019Jackie, Tito, Jermaine, Marlon, Michael, and Janet Jackson
77.5%
2013Ann and Nancy Wilson
64.4%
1988Brian, Carl, and Dennis Wilson
64.3%
1986Don and Phil Everly
53.8%
2007Eddie and Alex Van Halen
46.4%
1997Barry, Maurice, and Robin Gibb
41.6%
1995Duane and Gregg Allman
41.5%
2003Malcolm and Angus Young
41.2%
1990Ray and Dave Davies
36%
1992Ronald, O'Kelly, Rudolph, Vernon, Ernie and Marvin Isley
26.6%
2000Maurice, Verdine, and Fred White
24%
1993John and Tom Fogerty
21.7%
Year(s) inducted Siblings % Correct
1993Sly, Freddie, and Rose Stone
17.6%
1999Cleotha, Pervis, Mavis, and Yvonne Staples
15.7%
2018Mark and David Knopfler
14%
1996Gladys and Bubba Knight
11.2%
2019Colin and Jonny Greenwood
9.7%
1995Martha and Lois Reeves
6.1%
2010Ron and Scott Asheton
5%
1990*Brian and Eddie Holland
4.9%
1991Richard and Arthur Brooks
4.2%
2007Melvin and Nathaniel Glover
3.3%
2007Veronica and Estelle Bennett
3.2%

From the Vault

TV Title Role Actors II

by paultoes

We figured that the Cosby Show might be too much of a giveaway.
Remove Ads.
Support Sporcle.
Get the best of Sporcle when you Go Orange. This ad-free experience offers more features, more stats, and more fun while also helping to support Sporcle. Thank you for becoming a member.

Show Comments

Extras

Top Quizzes Today


Score Distribution

Your Account Isn't Verified!

In order to create a playlist on Sporcle, you need to verify the email address you used during registration. Go to your Sporcle Settings to finish the process.

Report this User

Report this user for behavior that violates our Community Guidelines.

Details: